Joan edukira

Сборник статей (Психология и Школа)

Классическое произведение, относящееся к общественному достоянию.

Gorde:
Xehetasun bibliografikoak
Egile nagusia: Челпанов Г. И.
Formatua: Книга
Hizkuntza:Russian
Argitaratua: Санкт-Петербург Лань 2013
Gaiak:
Sarrera elektronikoa:http://e.lanbook.com/books/element.php?pl1_cid=25&pl1_id=35310
https://e.lanbook.com/img/cover/book/35310.jpg
Etiketak: Etiketa erantsi
Etiketarik gabe, Izan zaitez lehena erregistro honi etiketa jartzen!
LEADER 01098nam0a2200253 i 4500
001 35310
003 RuSpLAN
005 20221220173917.0
008 221220s2013 ru gs 000 0 rus
020 |a 978-5-507-34569-4 
040 |a RuSpLAN 
041 0 |a rus 
044 |a ru 
245 0 0 |a Сборник статей (Психология и Школа)  |c Челпанов Г. И. 
260 |a Санкт-Петербург  |b Лань  |c 2013 
300 |a 210 с. 
504 |a Библиогр.: доступна в карточке книги, на сайте ЭБС Лань 
520 8 |a Классическое произведение, относящееся к общественному достоянию. 
521 8 |a Книга из коллекции Лань - Психология. Педагогика 
653 0 |a психология педагогика 
100 1 |a Челпанов Г. И. 
856 4 |u http://e.lanbook.com/books/element.php?pl1_cid=25&pl1_id=35310 
856 4 8 |u https://e.lanbook.com/img/cover/book/35310.jpg 
953 |a https://e.lanbook.com/img/cover/book/35310.jpg 
Cannot write session to /tmp/vufind_sessions/sess_j2u6dq0fqaa37ejsrbbd3d053j